000 00280nam a2200121Ia 4500
008 190216s9999||||xx |||||||||||||| ||und||
100 _aSree Devi
245 0 _aYajnan
260 _bSahithya Pravarthaka Sahakarana Sangam
_c1978
300 _a214p
650 _aNovel
942 _cBK
999 _c25866
_d25866